[Event "Wch Rapid (Women)"]
[Site "Riadh"]
[Date "2017.12.28"]
[Round "15"]
[White "Khotenashvili, Bela"]
[Black "Kosteniuk, Alexandra"]
[Result "1-0"]
[WhiteElo "2476"]
[BlackElo "2557"]
[PlyCount "85"]
[EventDate "2017.12.26"]
[EventType "swiss (rapid)"]
[EventRounds "15"]
[EventCountry "SAU"]
[SourceTitle "CBM 182 Extra"]
[Source "ChessBase"]
[SourceDate "2018.02.23"]
[SourceVersion "1"]
[SourceVersionDate "2018.02.23"]
[SourceQuality "1"]

1. d4 Nf6 2. c4 e6 3. g3 c5 4. d5 exd5 5. cxd5 d6 6. Nc3 g6 7. Bg2 Bg7 8. Nf3
O-O 9. O-O a6 10. a4 Re8 11. Bf4 Qc7 12. Re1 Nbd7 13. e4 Ng4 14. h3 Nge5 15.
Nxe5 Nxe5 16. Bf1 Bd7 17. Be3 f5 18. f4 Nf7 19. Bf2 fxe4 20. Qd2 Qa5 21. g4 Qb4
22. Bg2 h5 23. gxh5 gxh5 24. Bxe4 Bxh3 25. Bf3 Bg4 26. Bxg4 hxg4 27. Re6 Nh6
28. Rae1 Rf8 29. R1e4 Qb3 30. Rxd6 Nf5 31. Rg6 Rae8 32. Rxe8 Rxe8 33. Rxg4 Qb6
34. Qc2 Nd4 35. Qg6 Qxg6 36. Rxg6 Kf7 37. Rb6 Re7 38. d6 Rd7 39. Ne4 Ne6 40. f5
Nd4 41. Nxc5 Rd8 42. Rxb7+ Kg8 43. d7 1-0

[Event "Wch Blitz (Women)"]
[Site "Riadh"]
[Date "2017.12.29"]
[Round "1"]
[White "Kosteniuk, Alexandra"]
[Black "Girya, Olga"]
[Result "1-0"]
[WhiteElo "2557"]
[BlackElo "2484"]
[PlyCount "106"]
[EventDate "2017.12.29"]
[EventType "swiss (blitz)"]
[EventRounds "21"]
[EventCountry "SAU"]
[SourceTitle "CBM 182 Extra"]
[Source "ChessBase"]
[SourceDate "2018.02.23"]
[SourceVersion "1"]
[SourceVersionDate "2018.02.23"]
[SourceQuality "1"]

1. d4 d5 2. c4 c6 3. cxd5 cxd5 4. Bf4 Nc6 5. e3 Nf6 6. Nc3 Bf5 7. Qb3 Na5 8.
Qa4+ Bd7 9. Qc2 e6 10. Bd3 Be7 11. h3 Rc8 12. Nf3 a6 13. O-O O-O 14. Qe2 Bc6
15. Rac1 b5 16. Rc2 Bb7 17. Rfc1 Qb6 18. Ne5 Nc4 19. Bg5 Rfe8 20. Bxf6 Bxf6 21.
Nd7 Qd8 22. Nxf6+ Qxf6 23. a4 b4 24. Nb1 a5 25. b3 Nd6 26. Rc5 Qe7 27. Nd2 Qd7
28. Nf3 Qe7 29. Ne5 f6 30. Nc6 Bxc6 31. Rxc6 Rxc6 32. Rxc6 Rc8 33. Rxc8+ Nxc8
34. Qc2 Nd6 35. Bxh7+ Kf8 36. Bd3 f5 37. Qc5 Qd8 38. f3 Kf7 39. Qa7+ Kf6 40.
Qc5 g5 41. Kf2 g4 42. hxg4 fxg4 43. e4 dxe4 44. fxe4 Kf7 45. e5 Ne8 46. d5 Qg5
47. dxe6+ Kg7 48. Qe3 Qh4+ 49. Qg3 Qg5 50. Be2 Nc7 51. Qxg4 Qxg4 52. Bxg4 Kf8
53. Ke3 Ke7 1-0

[Event "Wch Blitz (Women)"]
[Site "Riadh"]
[Date "2017.12.29"]
[Round "2"]
[White "Berend, Elvira S"]
[Black "Kosteniuk, Alexandra"]
[Result "0-1"]
[WhiteElo "2303"]
[BlackElo "2557"]
[PlyCount "86"]
[EventDate "2017.12.29"]
[EventType "swiss (blitz)"]
[EventRounds "21"]
[EventCountry "SAU"]
[SourceTitle "CBM 182 Extra"]
[Source "ChessBase"]
[SourceDate "2018.02.23"]
[SourceVersion "1"]
[SourceVersionDate "2018.02.23"]
[SourceQuality "1"]

1. e4 e5 2. Nf3 Nc6 3. Bc4 Bc5 4. O-O Nf6 5. d3 O-O 6. c3 d5 7. exd5 Nxd5 8. h3
Kh8 9. b4 Be7 10. b5 Na5 11. Nxe5 Bf6 12. Re1 Be6 13. Ba3 Re8 14. Nd2 Nxc4 15.
Ndxc4 Nxc3 16. Qb3 Nd5 17. Bb2 Nf4 18. Rad1 Qd5 19. Ne3 Qxb3 20. axb3 Bxb3 21.
d4 Bxd1 22. Rxd1 Kg8 23. Kf1 Rad8 24. Ra1 a6 25. bxa6 bxa6 26. g3 Bxe5 27. dxe5
Nd3 28. Bc3 Nxe5 29. Rxa6 f6 30. Ra7 Rd7 31. Kg2 c5 32. Ra5 Nd3 33. Ra6 Kf7 34.
Rc6 Ra8 35. Nc4 Ra2 36. Nd6+ Ke6 37. Nb5+ Kd5 38. Rc8 Rxf2+ 39. Kg1 Rc2 40. Ba5
Rb7 41. Na3 Ra2 42. Rd8+ Ke4 43. Re8+ Ne5 0-1

[Event "Wch Blitz (Women)"]
[Site "Riadh"]
[Date "2017.12.29"]
[Round "3"]
[White "Kosteniuk, Alexandra"]
[Black "Voit, Daria"]
[Result "0-1"]
[WhiteElo "2557"]
[BlackElo "2390"]
[PlyCount "158"]
[EventDate "2017.12.29"]
[EventType "swiss (blitz)"]
[EventRounds "21"]
[EventCountry "SAU"]
[SourceTitle "CBM 182 Extra"]
[Source "ChessBase"]
[SourceDate "2018.02.23"]
[SourceVersion "1"]
[SourceVersionDate "2018.02.23"]
[SourceQuality "1"]

1. e4 c5 2. c3 d5 3. exd5 Qxd5 4. d4 Nf6 5. Nf3 e6 6. Bd3 Nc6 7. O-O Be7 8. Na3
cxd4 9. Nb5 Qd8 10. Nbxd4 Nxd4 11. Nxd4 O-O 12. Qc2 a6 13. Bf4 Bd6 14. Bxd6
Qxd6 15. a4 b6 16. Rad1 Qc7 17. f4 Bb7 18. Qf2 Rad8 19. Qe3 Rfe8 20. Bc2 Qc4
21. Rd2 Qc7 22. Rfd1 e5 23. fxe5 Qxe5 24. Qxe5 Rxe5 25. Nf3 Rxd2 26. Rxd2 Bxf3
27. gxf3 Kf8 28. Bb3 Ke7 29. Kf2 Rh5 30. Ke3 Re5+ 31. Kf2 Rh5 32. Re2+ Kf8 33.
Kg3 Rg5+ 34. Kf2 Rh5 35. Kg2 Rg5+ 36. Kf1 Rf5 37. Kf2 Rh5 38. Ke3 Re5+ 39. Kd2
Rf5 40. Ke3 Re5+ 41. Kd3 Rf5 42. Ke3 Re5+ 43. Kf2 Rh5 44. Kg3 Rg5+ 45. Kf4 Rh5
46. Kg3 Rg5+ 47. Kf4 Rh5 48. Bc2 Nd5+ 49. Ke4 Ke7 50. Rd2 Nf6+ 51. Ke3 Re5+ 52.
Kf2 Nd5 53. Bd3 a5 54. Be4 Nf6 55. Bc6 Nh5 56. Rd5 Rxd5 57. Bxd5 Nf4 58. Bc4 g5
59. Ke3 f6 60. Ke4 h5 61. b4 Ng2 62. Bf1 Nf4 63. Kf5 Nd5 64. Kg6 Nxc3 65. bxa5
bxa5 66. Kxh5 Nxa4 67. f4 gxf4 68. Kg4 Nc3 69. Kxf4 a4 70. h4 a3 71. Bc4 a2 72.
Bxa2 Nxa2 73. Kf5 Nc3 74. Kg6 Nd5 75. Kf5 Kf7 76. h5 Ne7+ 77. Kf4 Kg7 78. Kg4
Kh6 79. Kh4 f5 0-1

[Event "Wch Blitz (Women)"]
[Site "Riadh"]
[Date "2017.12.29"]
[Round "4"]
[White "Mkrtchian, Lilit"]
[Black "Kosteniuk, Alexandra"]
[Result "0-1"]
[WhiteElo "2376"]
[BlackElo "2557"]
[PlyCount "96"]
[EventDate "2017.12.29"]
[EventType "swiss (blitz)"]
[EventRounds "21"]
[EventCountry "SAU"]
[SourceTitle "CBM 182 Extra"]
[Source "ChessBase"]
[SourceDate "2018.02.23"]
[SourceVersion "1"]
[SourceVersionDate "2018.02.23"]
[SourceQuality "1"]

1. Nf3 Nf6 2. c4 e6 3. g3 d5 4. b3 Be7 5. Bb2 b6 6. Bg2 Bb7 7. O-O O-O 8. e3 a5
9. Nc3 Ne4 10. cxd5 exd5 11. d4 Nxc3 12. Bxc3 a4 13. Qc2 Nc6 14. Rfd1 Qd6 15.
Rac1 axb3 16. axb3 Qe6 17. Bb2 Rfc8 18. Ra1 h6 19. Ne1 Nb4 20. Qd2 c5 21. Bc3
Rxa1 22. Rxa1 Na6 23. Nd3 Bd6 24. Nf4 Bxf4 25. exf4 Qd7 26. Rd1 c4 27. bxc4
Rxc4 28. Bf1 Rc8 29. Rb1 Qc6 30. Bb2 Nc7 31. f5 Qd6 32. Bc1 Ne8 33. Qf4 Qd8 34.
Be3 Nf6 35. Bg2 Rc6 36. Qf3 Qa8 37. Bf4 Qa2 38. Re1 Ne4 39. h4 Rc2 40. Be3 Qa5
41. Rf1 Ba6 42. Rd1 Be2 43. Qf4 Bxd1 44. Qb8+ Kh7 45. f6 Nxf6 46. Qf8 Qe1+ 47.
Kh2 Rxf2 48. Bxf2 Qxf2 0-1

[Event "Wch Blitz (Women)"]
[Site "Riadh"]
[Date "2017.12.29"]
[Round "5"]
[White "Kosteniuk, Alexandra"]
[Black "Batsiashvili, Nino"]
[Result "1/2-1/2"]
[WhiteElo "2557"]
[BlackElo "2502"]
[PlyCount "144"]
[EventDate "2017.12.29"]
[EventType "swiss (blitz)"]
[EventRounds "21"]
[EventCountry "SAU"]
[SourceTitle "CBM 182 Extra"]
[Source "ChessBase"]
[SourceDate "2018.02.23"]
[SourceVersion "1"]
[SourceVersionDate "2018.02.23"]
[SourceQuality "1"]

1. e4 e5 2. Bc4 Nc6 3. Nc3 Nf6 4. d3 Bc5 5. Nf3 d6 6. h3 h6 7. Ne2 O-O 8. O-O
d5 9. exd5 Nxd5 10. Ng3 Be6 11. Re1 Bd6 12. a3 Qd7 13. b4 a6 14. Bb2 f6 15. d4
Nxd4 16. Nxd4 exd4 17. Bxd4 c6 18. Qf3 Rad8 19. Rad1 Bf7 20. Nf5 Bg6 21. Bxd5+
cxd5 22. Qxd5+ Kh7 23. Nxd6 Qxd6 24. Qxd6 Rxd6 25. c3 Rc8 26. Re3 Rd7 27. Rde1
Bf7 28. a4 Rcc7 29. a5 Rc8 30. g4 Bd5 31. Kh2 Rc6 32. Kg3 Rc8 33. h4 Bf7 34. h5
Bd5 35. Re7 Rcc7 36. Rxd7 Rxd7 37. f4 Kg8 38. g5 hxg5 39. fxg5 fxg5 40. Re5 Kh7
41. Rxg5 Bc4 42. Rc5 Be2 43. Kh4 Re7 44. Kg5 Rf7 45. Re5 Bd3 46. Re3 Bc4 47.
Kg4 Bb5 48. Re5 Bd7+ 49. Kg3 Bc6 50. c4 Rf3+ 51. Kg4 Rd3 52. Ba1 Rd1 53. Bb2
Rd2 54. Bc3 Rd3 55. Be1 Bf3+ 56. Kg5 Bc6 57. b5 axb5 58. cxb5 Bg2 59. Re2 Rd5+
60. Kf4 Bf1 61. Re7 Bxb5 62. Bc3 Rxh5 63. Rxg7+ Kh6 64. Rxb7 Bf1 65. a6 Rc5 66.
Rb6+ Kh5 67. Bd2 Rc4+ 68. Kf5 Rc5+ 69. Kf6 Rc2 70. Rd6 Bxa6 71. Rd5+ Kg4 72.
Rd4+ Kf3 1/2-1/2

[Event "Wch Blitz (Women)"]
[Site "Riadh"]
[Date "2017.12.29"]
[Round "6"]
[White "Michna, Marta"]
[Black "Kosteniuk, Alexandra"]
[Result "1-0"]
[WhiteElo "2377"]
[BlackElo "2557"]
[PlyCount "115"]
[EventDate "2017.12.29"]
[EventType "swiss (blitz)"]
[EventRounds "21"]
[EventCountry "SAU"]
[SourceTitle "CBM 182 Extra"]
[Source "ChessBase"]
[SourceDate "2018.02.23"]
[SourceVersion "1"]
[SourceVersionDate "2018.02.23"]
[SourceQuality "1"]

1. d4 Nf6 2. c3 b6 3. Nf3 Bb7 4. Bf4 e6 5. e3 d5 6. Nbd2 Bd6 7. Bg3 O-O 8. Ne5
c5 9. Bd3 Nc6 10. f4 Ne7 11. O-O Ne4 12. Bh4 f6 13. Nef3 Nf5 14. Qe2 Nxh4 15.
Nxh4 f5 16. Nhf3 Qe7 17. Ne5 Nxd2 18. Qxd2 c4 19. Bc2 b5 20. Kh1 b4 21. Rg1
Bxe5 22. fxe5 bxc3 23. bxc3 Kh8 24. g4 fxg4 25. Rxg4 Rf7 26. Qg2 Raf8 27. Qh3
h6 28. Rag1 Rf3 29. Qh5 Qf7 30. Rg6 Rf5 31. Bxf5 Qxf5 32. Qxf5 exf5 33. Rxg7
Bc8 34. Re7 f4 35. Rgg7 Bf5 36. exf4 Be4+ 37. Kg1 Rxf4 38. Rgf7 Rg4+ 39. Kf1
Rg8 40. Rxa7 Bd3+ 41. Kf2 Rb8 42. Ke3 Kg8 43. Rg7+ Kf8 44. Rh7 Bxh7 45. Rxh7
Rb2 46. Rxh6 Rxa2 47. Rd6 Ra5 48. Kf4 Ke7 49. h4 Ra3 50. Rxd5 Rxc3 51. Rc5 Rc1
52. h5 c3 53. Ke3 Kd7 54. Kd3 Rh1 55. Kxc3 Ke6 56. Rc6+ Kd7 57. Rd6+ Ke7 58. h6
1-0

[Event "Wch Blitz (Women)"]
[Site "Riadh"]
[Date "2017.12.29"]
[Round "7"]
[White "Kosteniuk, Alexandra"]
[Black "Zhu, Chen"]
[Result "1-0"]
[WhiteElo "2557"]
[BlackElo "2423"]
[PlyCount "135"]
[EventDate "2017.12.29"]
[EventType "swiss (blitz)"]
[EventRounds "21"]
[EventCountry "SAU"]
[SourceTitle "CBM 182 Extra"]
[Source "ChessBase"]
[SourceDate "2018.02.23"]
[SourceVersion "1"]
[SourceVersionDate "2018.02.23"]
[SourceQuality "1"]

1. e4 e5 2. Bc4 Nf6 3. d4 exd4 4. Nf3 d5 5. exd5 Nxd5 6. Qxd4 Qe7+ 7. Be2 Be6
8. O-O Qc5 9. Qa4+ Nd7 10. Ng5 Qb4 11. Qxb4 Nxb4 12. Nxe6 fxe6 13. Na3 Bc5 14.
c3 Nd5 15. Nc4 O-O 16. Bg4 Rae8 17. b4 Bb6 18. Bd2 N7f6 19. Bf3 e5 20. Nxb6
axb6 21. c4 e4 22. Be2 Ne7 23. Bc3 Nc6 24. Rfd1 Ne5 25. h3 h6 26. a4 Nc6 27. b5
Na5 28. c5 Kh7 29. cxb6 cxb6 30. Rd6 Nb3 31. Rb1 Nc5 32. a5 bxa5 33. Bxa5 e3
34. f3 Ne6 35. g3 Rf7 36. Bb6 Nf8 37. Rb3 Rfe7 38. Rdd3 N8d7 39. Bd4 Nd5 40. f4
N7f6 41. Kg2 b6 42. Be5 Ra7 43. Kf3 Ra2 44. Rb2 Rxb2 45. Bxb2 Ra8 46. Bxf6 Nxf6
47. Rxe3 Ra2 48. Bd3+ Kg8 49. g4 Kf8 50. g5 hxg5 51. fxg5 Nd5 52. Re5 Ne7 53.
Re6 Ra3 54. Ke4 Ra4+ 55. Ke5 Ra3 56. Kd4 Ra4+ 57. Ke5 Ra3 58. Be4 Rxh3 59. Rxb6
Rb3 60. g6 Ke8 61. Rb8+ Kd7 62. Rb7+ Kd8 63. Ke6 Re3 64. Rd7+ Kc8 65. Rxe7
Rxe4+ 66. Kf7 Rb4 67. Re5 Rd4 68. Kxg7 1-0

[Event "Wch Blitz (Women)"]
[Site "Riadh"]
[Date "2017.12.29"]
[Round "8"]
[White "Ding, Yixin"]
[Black "Kosteniuk, Alexandra"]
[Result "0-1"]
[WhiteElo "2424"]
[BlackElo "2557"]
[PlyCount "96"]
[EventDate "2017.12.29"]
[EventType "swiss (blitz)"]
[EventRounds "21"]
[EventCountry "SAU"]
[SourceTitle "CBM 182 Extra"]
[Source "ChessBase"]
[SourceDate "2018.02.23"]
[SourceVersion "1"]
[SourceVersionDate "2018.02.23"]
[SourceQuality "1"]

1. d4 Nf6 2. Bf4 e6 3. Nf3 d5 4. e3 c5 5. c3 Nc6 6. Nbd2 Bd6 7. Bg3 O-O 8. Bd3
b6 9. O-O Bb7 10. Qe2 Re8 11. Ne5 Qc7 12. f4 Ne7 13. Bh4 Ne4 14. Bxe4 dxe4 15.
g4 f6 16. Nec4 Ng6 17. Bg3 f5 18. g5 Ba6 19. h4 Rac8 20. b3 cxd4 21. cxd4 b5
22. Ne5 Bxe5 23. fxe5 Ne7 24. Qf2 Nd5 25. h5 b4 26. Rfe1 Bd3 27. Kg2 Qe7 28.
Bf4 Rc2 29. Kg3 Qc7 30. g6 h6 31. a4 Qc3 32. Red1 Rc8 33. Qe1 Qc7 34. Qf2 Qe7
35. Kh3 Nc3 36. Re1 Qc7 37. Kg3 Qc6 38. Kh3 Qa6 39. Qh2 Ne2 40. Nc4 Bxc4 41.
bxc4 Qxc4 42. Rab1 Nxd4 43. Qh1 Nf3 44. Red1 Qe2 45. Rd7 Qf2 46. Bg3 Qxe3 47.
Qd1 Ng5+ 48. Kh4 Rh2+ 0-1

[Event "Wch Blitz (Women)"]
[Site "Riadh"]
[Date "2017.12.29"]
[Round "9"]
[White "Kosteniuk, Alexandra"]
[Black "Abdumalik, Zhansaya"]
[Result "1-0"]
[WhiteElo "2557"]
[BlackElo "2449"]
[PlyCount "37"]
[EventDate "2017.12.29"]
[EventType "swiss (blitz)"]
[EventRounds "21"]
[EventCountry "SAU"]
[SourceTitle "CBM 182 Extra"]
[Source "ChessBase"]
[SourceDate "2018.02.23"]
[SourceVersion "1"]
[SourceVersionDate "2018.02.23"]
[SourceQuality "1"]

1. e4 e5 2. Bc4 Nf6 3. d4 Nc6 4. Nf3 exd4 5. e5 d5 6. Bb5 Ne4 7. Nxd4 Bd7 8.
Bxc6 bxc6 9. O-O Be7 10. f3 Nc5 11. f4 Ne6 12. f5 Nxd4 13. Qxd4 Bg5 14. e6 fxe6
15. fxe6 Bxe6 16. Qe5 Bxc1 17. Qxe6+ Qe7 18. Qxc6+ Qd7 19. Re1+ 1-0

[Event "Wch Blitz (Women)"]
[Site "Riadh"]
[Date "2017.12.29"]
[Round "10"]
[White "Ushenina, Anna"]
[Black "Kosteniuk, Alexandra"]
[Result "1/2-1/2"]
[WhiteElo "2416"]
[BlackElo "2557"]
[PlyCount "36"]
[EventDate "2017.12.29"]
[EventType "swiss (blitz)"]
[EventRounds "21"]
[EventCountry "SAU"]
[SourceTitle "CBM 182 Extra"]
[Source "ChessBase"]
[SourceDate "2018.02.23"]
[SourceVersion "1"]
[SourceVersionDate "2018.02.23"]
[SourceQuality "1"]

1. d4 Nf6 2. Nf3 e6 3. Bf4 d5 4. e3 c5 5. Nbd2 Nc6 6. c3 Bd6 7. dxc5 Bxc5 8.
Bd3 O-O 9. O-O Nh5 10. Bg5 f6 11. Bh4 e5 12. Ng5 fxg5 13. Qxh5 g6 14. Bxg6 hxg6
15. Qxg6+ Kh8 16. Qh6+ Kg8 17. Qg6+ Kh8 18. Qh6+ Kg8 1/2-1/2

[Event "Wch Blitz (Women)"]
[Site "Riadh"]
[Date "2017.12.29"]
[Round "11"]
[White "Kosteniuk, Alexandra"]
[Black "Cramling, Pia"]
[Result "0-1"]
[WhiteElo "2557"]
[BlackElo "2450"]
[PlyCount "48"]
[EventDate "2017.12.29"]
[EventType "swiss (blitz)"]
[EventRounds "21"]
[EventCountry "SAU"]
[SourceTitle "CBM 182 Extra"]
[Source "ChessBase"]
[SourceDate "2018.02.23"]
[SourceVersion "1"]
[SourceVersionDate "2018.02.23"]
[SourceQuality "1"]

1. e4 c5 2. Nf3 a6 3. Be2 d6 4. d4 cxd4 5. Nxd4 Nf6 6. Nc3 e5 7. Nb3 Be7 8. O-O
O-O 9. Re1 Be6 10. Bf3 Nc6 11. Nd5 a5 12. Be3 Bxd5 13. exd5 Nb4 14. a3 Na6 15.
Nd2 Rc8 16. c4 Nc5 17. Be2 Nfe4 18. b4 Nxd2 19. Bxd2 axb4 20. axb4 Ne4 21. Bd3
Nf6 22. Ra7 Qb6 23. Qa4 Qd4 24. Qc2 Qxa7 0-1

[Event "Wch Blitz (Women)"]
[Site "Riadh"]
[Date "2017.12.30"]
[Round "12"]
[White "Zhukova, Natalia"]
[Black "Kosteniuk, Alexandra"]
[Result "0-1"]
[WhiteElo "2444"]
[BlackElo "2557"]
[PlyCount "86"]
[EventDate "2017.12.29"]
[EventType "swiss (blitz)"]
[EventRounds "21"]
[EventCountry "SAU"]
[SourceTitle "CBM 182 Extra"]
[Source "ChessBase"]
[SourceDate "2018.02.23"]
[SourceVersion "1"]
[SourceVersionDate "2018.02.23"]
[SourceQuality "1"]

1. c4 e5 2. Nc3 Nf6 3. Nf3 Nc6 4. g3 Bc5 5. Nxe5 Bxf2+ 6. Kxf2 Nxe5 7. e4 c5 8.
d4 cxd4 9. Qxd4 O-O 10. Bf4 Nc6 11. Qd2 Re8 12. Bg2 Qb6+ 13. Kf1 Ne5 14. b3 d6
15. h3 Be6 16. Be3 Qa6 17. Kf2 Rac8 18. Rhf1 Qa5 19. Kg1 Bxc4 20. Rxf6 gxf6 21.
Nd5 Qxd2 22. Nxf6+ Kh8 23. Bxd2 Re6 24. Nh5 Ba6 25. Nf4 Ree8 26. Nd5 Rc2 27.
Bb4 Bd3 28. Nf4 Rd8 29. Rd1 Be2 30. Nxe2 Rxe2 31. Bxd6 Kg8 32. Rd5 Ng6 33. h4
h6 34. a4 Rb2 35. b4 Rc8 36. Bc5 b6 37. Bd4 Rd2 38. h5 Nf8 39. e5 Rc1+ 40. Kh2
Rcc2 41. Kh3 Rxg2 42. Rd8 Rgd2 43. e6 fxe6 0-1

[Event "Wch Blitz (Women)"]
[Site "Riadh"]
[Date "2017.12.30"]
[Round "13"]
[White "Kosteniuk, Alexandra"]
[Black "Buksa, Nataliya"]
[Result "1-0"]
[WhiteElo "2557"]
[BlackElo "2385"]
[PlyCount "153"]
[EventDate "2017.12.29"]
[EventType "swiss (blitz)"]
[EventRounds "21"]
[EventCountry "SAU"]
[SourceTitle "CBM 182 Extra"]
[Source "ChessBase"]
[SourceDate "2018.02.23"]
[SourceVersion "1"]
[SourceVersionDate "2018.02.23"]
[SourceQuality "1"]

1. e4 c5 2. c3 Nf6 3. e5 Nd5 4. d4 Nc6 5. Nf3 cxd4 6. cxd4 d6 7. Bc4 dxe5 8.
Bxd5 Qxd5 9. Nc3 Qd6 10. d5 Nd4 11. Nxd4 exd4 12. Qxd4 e5 13. Qd3 Bd7 14. O-O
Be7 15. Qg3 O-O 16. Ne4 Qg6 17. Qxe5 Rfe8 18. Qd4 Bd8 19. Ng3 Bb6 20. Qb4 Qd3
21. Qb3 Qxb3 22. axb3 Bb5 23. Rd1 Rad8 24. Bf4 h6 25. h4 f6 26. h5 Kf7 27. Rac1
Rd7 28. Rc2 Red8 29. Rcd2 a6 30. d6 Bc6 31. Nf5 Be4 32. Ne3 Rc8 33. f3 Bc6 34.
Kh2 Re8 35. Nc4 Bc5 36. Bg3 b5 37. Na3 Re3 38. Rc2 Bxa3 39. bxa3 Ba8 40. Rc7
Ke6 41. b4 Re2 42. Kh3 f5 43. Rd4 Re3 44. Rd1 Re2 45. Rc5 Bb7 46. Rd3 Rb2 47.
Re5+ Kf6 48. Re1 Rc2 49. Bh4+ Kf7 50. Re7+ Rxe7 51. dxe7 Bc6 52. Rd6 Be8 53.
Rxa6 Re2 54. Kg3 Rc2 55. Rd6 Rc4 56. Rd5 Ke6 57. Rd2 Bxh5 58. Re2+ Kd7 59. Re5
Be8 60. Rxb5 g5 61. Bxg5 hxg5 62. Rxf5 Kxe7 63. Rxg5 Rc3 64. Ra5 Bd7 65. Kf4
Bc6 66. Rc5 Rxc5 67. bxc5 Ke6 68. g4 Kd5 69. g5 Kxc5 70. g6 Kd6 71. g7 Bd5 72.
Kg5 Ke7 73. Kh6 Kf7 74. Kh7 Kf6 75. g8=Q Bxg8+ 76. Kxg8 Kf5 77. a4 1-0

[Event "Wch Blitz (Women)"]
[Site "Riadh"]
[Date "2017.12.30"]
[Round "14"]
[White "Dzagnidze, Nana"]
[Black "Kosteniuk, Alexandra"]
[Result "1/2-1/2"]
[WhiteElo "2522"]
[BlackElo "2557"]
[PlyCount "94"]
[EventDate "2017.12.29"]
[EventType "swiss (blitz)"]
[EventRounds "21"]
[EventCountry "SAU"]
[SourceTitle "CBM 182 Extra"]
[Source "ChessBase"]
[SourceDate "2018.02.23"]
[SourceVersion "1"]
[SourceVersionDate "2018.02.23"]
[SourceQuality "1"]

1. Nf3 Nf6 2. c4 e6 3. b3 d5 4. Bb2 Be7 5. g3 O-O 6. Bg2 b6 7. O-O Bb7 8. d4 c5
9. cxd5 Nxd5 10. dxc5 Bxc5 11. Nbd2 Nd7 12. Nc4 b5 13. Nce5 Nxe5 14. Nxe5 Qe7
15. e4 Nf6 16. Qe2 a6 17. Rac1 Rac8 18. Ng4 Nxg4 19. Qxg4 e5 20. Rfd1 Rfd8 21.
Rxd8+ Rxd8 22. Rd1 Rxd1+ 23. Qxd1 Qd6 24. Qxd6 Bxd6 25. f3 f6 26. Bh3 Kf7 27.
Kf1 Ke7 28. Ke2 Bc5 29. Bf1 Kd6 30. Kd2 Bc8 31. f4 Bg1 32. fxe5+ fxe5 33. h3
Bh2 34. Ba3+ Kc6 35. Bf8 Bxg3 36. Bxg7 Bf4+ 37. Kc3 Bg3 38. a4 h5 39. axb5+
axb5 40. Bf6 h4 41. Kd2 Be6 42. Kc3 Be1+ 43. Kc2 Bg3 44. Kc3 Kb6 45. Be7 Kc6
46. Bf6 Kb6 47. Be7 Kc6 1/2-1/2

[Event "Wch Blitz (Women)"]
[Site "Riadh"]
[Date "2017.12.30"]
[Round "15"]
[White "Kosteniuk, Alexandra"]
[Black "Gunina, Valentina"]
[Result "1-0"]
[WhiteElo "2557"]
[BlackElo "2510"]
[PlyCount "125"]
[EventDate "2017.12.29"]
[EventType "swiss (blitz)"]
[EventRounds "21"]
[EventCountry "SAU"]
[SourceTitle "CBM 182 Extra"]
[Source "ChessBase"]
[SourceDate "2018.02.23"]
[SourceVersion "1"]
[SourceVersionDate "2018.02.23"]
[SourceQuality "1"]

1. e4 c6 2. Nc3 d5 3. Nf3 Bg4 4. Be2 e6 5. d4 Nf6 6. h3 Bh5 7. e5 Nfd7 8. g4
Bg6 9. h4 h5 10. gxh5 Bxh5 11. Ng5 Bxe2 12. Qxe2 Be7 13. Qf3 Rf8 14. Be3 Na6
15. O-O-O Qa5 16. Kb1 c5 17. Qg4 O-O-O 18. Nh7 Rg8 19. Ng5 Rgf8 20. f4 g6 21.
Nxf7 Rxf7 22. Qxe6 Rh7 23. Nxd5 Bxh4 24. Nf6 Nc7 25. Qg4 cxd4 26. Rxd4 Nb5 27.
Rxd7 Rhxd7 28. Nxd7 Rxd7 29. e6 Re7 30. Qxh4 Rxe6 31. Qh8+ Qd8 32. Qxd8+ Kxd8
33. Re1 Kd7 34. c3 Nd6 35. Kc2 a6 36. Bd2 Ne4 37. Bc1 Ke7 38. b3 Kf6 39. c4 Kf5
40. Rd1 Nf2 41. Rd5+ Kg4 42. Rd7 b5 43. cxb5 axb5 44. a4 bxa4 45. bxa4 Rc6+ 46.
Kb1 Ne4 47. a5 Nc3+ 48. Kb2 Na4+ 49. Ka3 Nc5 50. Rd1 Ne4 51. Kb4 Nf2 52. Rg1+
Kf3 53. Kb5 Rc8 54. a6 Ne4 55. Kb6 Nd6 56. a7 Nc4+ 57. Kb7 Nd6+ 58. Kb6 Nc4+
59. Ka6 Nd6 60. Rxg6 Rc6+ 61. Ka5 Nb7+ 62. Kb5 Rxg6 63. a8=Q 1-0

[Event "Wch Blitz (Women)"]
[Site "Riadh"]
[Date "2017.12.30"]
[Round "16"]
[White "Kosteniuk, Alexandra"]
[Black "Lagno, Kateryna"]
[Result "1-0"]
[WhiteElo "2557"]
[BlackElo "2547"]
[PlyCount "115"]
[EventDate "2017.12.29"]
[EventType "swiss (blitz)"]
[EventRounds "21"]
[EventCountry "SAU"]
[SourceTitle "CBM 182 Extra"]
[Source "ChessBase"]
[SourceDate "2018.02.23"]
[SourceVersion "1"]
[SourceVersionDate "2018.02.23"]
[SourceQuality "1"]

1. e4 e5 2. Bc4 Nc6 3. Nc3 Nf6 4. d3 Bc5 5. f4 d6 6. Nf3 exf4 7. Bxf4 Bg4 8.
Qd2 Na5 9. Bg5 Nxc4 10. dxc4 h6 11. Bh4 Be6 12. Qd3 g5 13. Bg3 Nh5 14. O-O-O
Qd7 15. Nd5 O-O-O 16. Nd4 c6 17. Ne3 Rhe8 18. Kb1 Qe7 19. Rde1 Nf4 20. Qd2 Qf6
21. c3 Bd7 22. Nec2 Nh5 23. Bf2 Qg6 24. Nb3 Rxe4 25. Bxc5 dxc5 26. Rxe4 Qxe4
27. Nxc5 Qe7 28. Nxd7 Rxd7 29. Qf2 Qd6 30. b3 a5 31. Qa7 Nf4 32. Qa8+ Qb8 33.
Qxa5 Qd6 34. Re1 Rd8 35. Qf5+ Kb8 36. Qxf7 Qc5 37. g3 Ng2 38. Qe7 Qxe7 39. Rxe7
Rd1+ 40. Kb2 Rh1 41. Nd4 Rxh2 42. b4 h5 43. Ne6 h4 44. gxh4 gxh4 45. b5 cxb5
46. cxb5 Nf4+ 47. Kb3 Nxe6 48. Rxe6 h3 49. Rh6 Rh1 50. b6 Kc8 51. Kc4 Kd7 52.
Kc5 h2 53. c4 Ke7 54. a4 Kd7 55. a5 Ra1 56. Rh7+ Kc8 57. Rxh2 Rxa5+ 58. Kd6 1-0

[Event "Wch Blitz (Women)"]
[Site "Riadh"]
[Date "2017.12.30"]
[Round "17"]
[White "Tan, Zhongyi"]
[Black "Kosteniuk, Alexandra"]
[Result "1-0"]
[WhiteElo "2517"]
[BlackElo "2557"]
[PlyCount "45"]
[EventDate "2017.12.29"]
[EventType "swiss (blitz)"]
[EventRounds "21"]
[EventCountry "SAU"]
[SourceTitle "CBM 182 Extra"]
[Source "ChessBase"]
[SourceDate "2018.02.23"]
[SourceVersion "1"]
[SourceVersionDate "2018.02.23"]
[SourceQuality "1"]

1. d4 Nf6 2. c4 Nc6 3. Nf3 e6 4. Nc3 Bb4 5. Bd2 Bxc3 6. Bxc3 Ne4 7. Qc2 d5 8.
e3 O-O 9. Bd3 f5 10. O-O Qf6 11. Rac1 Qg6 12. b4 dxc4 13. Bxc4 Kh8 14. b5 Ne7
15. Ne5 Qf6 16. Bb4 Nd6 17. Bb3 a5 18. bxa6 Rxa6 19. Qxc7 Nd5 20. Bxd5 exd5 21.
Bxd6 Rxd6 22. Qxc8 h6 23. Ng6+ 1-0

[Event "Wch Blitz (Women)"]
[Site "Riadh"]
[Date "2017.12.30"]
[Round "18"]
[White "Kosteniuk, Alexandra"]
[Black "Mammadzada, Gunay Vuqar Qizi"]
[Result "1-0"]
[WhiteElo "2557"]
[BlackElo "2333"]
[PlyCount "77"]
[EventDate "2017.12.29"]
[EventType "swiss (blitz)"]
[EventRounds "21"]
[EventCountry "SAU"]
[SourceTitle "CBM 182 Extra"]
[Source "ChessBase"]
[SourceDate "2018.02.23"]
[SourceVersion "1"]
[SourceVersionDate "2018.02.23"]
[SourceQuality "1"]

1. e4 c5 2. c3 Nf6 3. e5 Nd5 4. d4 cxd4 5. Nf3 d6 6. cxd4 Nc6 7. Bc4 dxe5 8.
Bxd5 Qxd5 9. Nc3 Qd6 10. d5 Nd4 11. Nxd4 exd4 12. Qxd4 e5 13. Qd3 a6 14. O-O f5
15. Qg3 Kf7 16. Re1 e4 17. Bf4 Qg6 18. Qe3 Bd7 19. d6 Bc6 20. Rad1 Rd8 21. Qc5
Qe6 22. f3 g5 23. Be5 Rg8 24. fxe4 f4 25. Rf1 Bg7 26. Bxg7 Rxg7 27. e5 Kg6 28.
Nd5 Bxd5 29. Rxd5 Rc8 30. Qd4 Rd7 31. Qd3+ Kg7 32. a4 Rf8 33. b4 h6 34. b5 a5
35. b6 g4 36. Rc5 Kh8 37. Qd5 Re8 38. Qxe6 Rxe6 39. Rxf4 1-0